000 00540nam a2200181Ia 4500
003 OSt
005 20200518101230.0
008 190216s9999||||xx |||||||||||||| ||und||
020 _a8171510906
040 _coclc
082 _a953
_bFID/C
100 _aFidai, Rafi Ahmed
_92131
245 0 _aConcise History Of Muslim World /
_cRafi Ahmed Fidai
260 _bKitabbhavan,
_c2001.
_aNew Delhi:
300 _a183p
650 0 _aHistory & geography
_vIslamic History
_92271
942 _cBK
_2ddc
_h953
_iFID/C
_k953
_mFID/C
999 _c22858
_d22858